000 00565nam a2200181 a 4500
005 20240913064635.0
008 121121s1989 mx r 000 0 spa d
020 _a9682920531
035 _aUPN01000188816
049 _aCG
050 4 _aLC1036.8 M6
_bC6.6
245 0 0 _aConsulta nacional para la elaboración del programa de modernización del sistema educativo :
_beducación comunitaria.
260 _aMéxico :
_bSEP :
_bCONAFE,
_c1989.
300 _a142 p. :
_bil.
650 4 _aEducación comunitaria
_zMéxico
_9444
905 _aLibro
999 _c160919
_d160919